000 00480nam a2200181Ia 4500
008 170705s9999 xx 000 0 und d
020 _a9780439403788
245 _aThree pigs and a wolf :
245 _bin their own words /
245 _cby Cindy Chapman and Wiley Blevins ; illustrated by Polly Powell.
260 _aNew York :
260 _bScholastic,
260 _c2002
300 _a21 pages :
300 _bcolor illustration ;
300 _c26cm.
500 _aBR
999 _c337206
_d337206